000 00890nam a22003257a 4500
005 20190111120008.0
008 190111b xxu||||| |||| 00| 0 spa d
020 _a9786076226421
041 _aspa
082 _a006.74 L953h
100 _aLuján Castillo, José Dimas
_951518
245 _aHTML5, CSS y JavaScript: crea tu web y apps con el estándar de desarrollo
260 _aMéxico
260 _bAlfaomega
260 _c2016
300 _a276 páginas
650 _aPROGRAMACIÓN
_9686
650 _aLENGUAJES DE MARCADO
_943799
650 _aSISTEMAS MULTIMEDIA
_951488
650 _aDISEÑO DE PÁGINAS WEB
_951519
650 _aHTML5
_96634
650 _aNAVEGADORES WEB
_916851
650 _aINTERNET
_951520
650 _aHTML
_95535
650 _aCSS
_96519
650 _aFIREBUG
_951521
650 _aCSS3
_96635
650 _aJAVASCRIPT
_96515
942 _cBK
999 _c11511
_d11511